Області України - Statistics

General Stats
  • This quiz has been taken 4,737 times
  • The average score is 24 of 27
Answer Stats
Розгадка % Correct
Київ
99%
Київська область
99%
Донецька область
97%
Луганська область
97%
Львівська область
97%
Одеська область
96%
Харківська область
94%
Автонома Республіка Крим
94%
Херсонська область
93%
Чернігівська область
92%
Закарпатська область
91%
Сумська область
91%
Житомирська область
90%
Івано-Франківська область
90%
Чернівецька область
90%
Волинська обалсть
89%
Миколаївська область
89%
Вінницька область
88%
Запорізька область
88%
Полтавська область
88%
Тернопільська область
88%
Дніпропетровська область
87%
Рівненська область
87%
Черкаська область
86%
Хмельницька область
81%
Кіровоградська область
79%
Севастополь
52%
No matching quizzes found
Score Distribution
Percent of People with Each Score
Percentile by Number Answered
Your Score History
You have not taken this quiz